书目信息 |
| 题名: |
汽车底盘振动与噪声控制
|
|
| 作者: | 刘显臣 编著 | |
| 分册: | ||
| 出版信息: | 北京 机械工业出版社 2021.3 |
|
| 页数: | 153页 | |
| 开本: | 26cm | |
| 丛书名: | 汽车先进技术论坛丛书 | |
| 单 册: | ||
| 中图分类: | U467.4 | |
| 科图分类: | ||
| 主题词: | 汽车--振动控制 , 汽车噪声--噪声控制 | |
| 电子资源: | ||
| ISBN: | 978-7-111-67383-5 | |
| 000 | 00915nam0 2200265 45 | |
| 001 | 012001000289 | |
| 005 | 20140911084932.0 | |
| 010 | @a978-7-111-67383-5@dCNY70.00 | |
| 100 | @a20210513d2021 em y0chiy50 ea | |
| 101 | 0 | @achi |
| 102 | @aCN@b110000 | |
| 105 | @aa z 000yy | |
| 106 | @ar | |
| 200 | 1 | @a汽车底盘振动与噪声控制@Aqi che di pan zhen dong yu zao sheng kong zhi@b专著@f刘显臣编著 |
| 210 | @a北京@c机械工业出版社@d2021.3 | |
| 215 | @a153页@c图@d26cm | |
| 225 | 1 | @a汽车先进技术论坛丛书 |
| 330 | @a本书内容包括悬架系统振动与噪声控制、轮胎振动与噪声控制、制动系统振动与噪声控制、车架振动与噪声控制、转向系统振动与噪声控制、底盘振动与噪声性能集成。 | |
| 461 | 0 | @12001 @a汽车先进技术论坛丛书 |
| 606 | 0 | @a汽车@x振动控制 |
| 606 | 0 | @a汽车噪声@x噪声控制 |
| 690 | @aU467.4@v5 | |
| 701 | 0 | @a刘显臣@Aliu xian chen@4编著 |
| 801 | 0 | @aCN@bBJSDL@c20211011 |
| 905 | @b1331129-32@dU467.4@e1010@f4 | |
| 汽车底盘振动与噪声控制/刘显臣编著.-北京:机械工业出版社,2021.3 |
| 153页:图;26cm.-(汽车先进技术论坛丛书) |
| ISBN 978-7-111-67383-5:CNY70.00 |
| 本书内容包括悬架系统振动与噪声控制、轮胎振动与噪声控制、制动系统振动与噪声控制、车架振动与噪声控制、转向系统振动与噪声控制、底盘振动与噪声性能集成。 |
| ● |
| 相关链接 |
|
|
|
|
正题名:汽车底盘振动与噪声控制
索取号:U467.4/1010
 
预约/预借
| 序号 | 登录号 | 条形码 | 馆藏地/架位号 | 状态 | 备注 |
| 1 | 1331129 | 213311290 | 第二样本阅览室/ [索取号:U467.4/1010] | 在馆 | |
| 2 | 1331130 | 213311307 | 第三借阅区/ [索取号:U467.4/1010] | 在馆 | |
| 3 | 1331131 | 213311316 | 第三借阅区/ [索取号:U467.4/1010] | 在馆 | |
| 4 | 1331132 | 213311325 | 第三借阅区/ [索取号:U467.4/1010] | 在馆 |